[Event "SR 3. liga A2 2011/2012"]
[Site "?"]
[Date "2012.01.08"]
[Round "6.6"]
[White "Berger, Patrik"]
[Black "Holly, Milan"]
[Result "1-0"]
[WhiteElo "1731"]
[BlackElo "1865"]
[PlyCount "61"]
[EventDate "2011.??.??"]

1. e4 e6 2. d4 b6 3. Nf3 Bb7 4. Bd3 Nf6 5. e5 Nd5 6. a3 c5 7. c4 Nc7 8. dxc5
Bxc5 9. b4 Be7 10. O-O O-O 11. Nc3 d5 12. exd6 Qxd6 13. Qc2 g6 14. Rd1 Bxf3 15.
gxf3 Qe5 16. Be4 Nba6 17. Bxa8 Rxa8 18. Be3 Bf6 19. Ne4 Bg7 20. Bd4 Qh5 21.
Bxg7 Kxg7 22. Qc3+ e5 23. Qe3 Ne6 24. Ng3 Qh4 25. Qxe5+ Kg8 26. Qe4 Nf4 27.
Qxa8+ Kg7 28. Qe4 Qg5 29. Rd4 Ne6 30. Rd5 Qf6 31. Qe5 1-0

[Event "SR 3. liga A2 2011/2012"]
[Site "?"]
[Date "2012.01.22"]
[Round "7.1"]
[White "Skreno, Vladimir"]
[Black "Sturdik, Igor"]
[Result "1-0"]
[WhiteElo "2178"]
[BlackElo "2067"]
[PlyCount "65"]
[EventDate "2011.??.??"]

1. d4 Nf6 2. Nf3 c5 3. c4 cxd4 4. Nxd4 Nc6 5. Nc3 e6 6. Ndb5 Bb4 7. Nd6+ Ke7 8.
Bf4 Nh5 9. Bg5+ f6 10. Nxc8+ Rxc8 11. Bd2 g5 12. e3 Ng7 13. Qb3 Nf5 14. Nd5+
exd5 15. Bxb4+ d6 16. cxd5 Na5 17. Qd3 Nh4 18. Qe4+ Kf7 19. Bd3 Ng6 20. Qe6+
Kg7 21. O-O Re8 22. Qh3 Nc4 23. b3 Nce5 24. Bb5 Re7 25. Bxd6 Qxd6 26. Qxc8 Nh4
27. Rfd1 f5 28. Be2 g4 29. Rac1 Nef3+ 30. gxf3 gxf3 31. Bf1 Kh6 32. Kh1 Rg7 33.
Qe6+ 1-0

[Event "SR 3. liga A2 2011/2012"]
[Site "?"]
[Date "2012.01.22"]
[Round "7.1"]
[White "Bahna, Jan"]
[Black "Hertel, Ondrej"]
[Result "0-1"]
[WhiteElo "1977"]
[BlackElo "2073"]
[PlyCount "112"]
[EventDate "2011.??.??"]

1. e4 c6 2. d4 d5 3. e5 Bf5 4. Bd3 Bxd3 5. Qxd3 e6 6. Nf3 a6 7. O-O c5 8. c3
Nc6 9. dxc5 Bxc5 10. Nbd2 Qc7 11. Nb3 Ba7 12. Re1 Nge7 13. Nbd4 Bxd4 14. cxd4
Nb4 15. Qb3 Nc2 16. Bd2 Nxe1 17. Rxe1 Rc8 18. g4 O-O 19. Bb4 Rfe8 20. Qa3 Ng6
21. Kg2 Qc4 22. Kg3 b6 23. h4 a5 24. Bd2 Qb5 25. h5 Ne7 26. h6 Rc2 27. b4 axb4
28. Bxb4 Ng6 29. hxg7 Kxg7 30. Bd2 f5 31. exf6+ Kxf6 32. Qe3 Qd7 33. Qg5+ Kf7
34. Qh6 Kg8 35. a3 Qg7 36. Qh5 Rc4 37. Bh6 Qf6 38. Rh1 Rc7 39. Ne5 Ra8 40. Bc1
Nxe5 41. dxe5 Qg6 42. Qxg6+ hxg6 43. f3 b5 44. Bg5 Rxa3 45. Bf6 Rcc3 46. Rh8+
Kf7 47. Rh7+ Ke8 48. Re7+ Kf8 49. Rxe6 Rxf3+ 50. Kh4 Ra7 51. Kg5 Kf7 52. Rb6
Re3 53. Rxb5 Rd7 54. Kf4 Re1 55. g5 d4 56. Rb2 d3 0-1

[Event "SR 3. liga A2 2011/2012"]
[Site "?"]
[Date "2012.01.22"]
[Round "7.1"]
[White "Synak, Jan"]
[Black "Krist, Milan"]
[Result "1/2-1/2"]
[WhiteElo "1966"]
[BlackElo "1990"]
[PlyCount "114"]
[EventDate "2011.??.??"]

1. Nf3 d5 2. c4 d4 3. g3 Nf6 4. d3 e6 5. a3 c5 6. Bg2 Nc6 7. Nbd2 Bd6 8. Ng5
Bd7 9. Nde4 Be7 10. Nxf6+ Bxf6 11. Ne4 Be7 12. O-O O-O 13. f4 Qc8 14. h4 h6 15.
e3 f5 16. Nf2 Bf6 17. e4 g6 18. Bd2 Kg7 19. b4 cxb4 20. axb4 Be7 21. b5 Nd8 22.
Re1 Bc5 23. h5 Be8 24. Bf3 a6 25. bxa6 Rxa6 26. Rxa6 bxa6 27. Kg2 Rh8 28. hxg6
Bxg6 29. Bh5 Nc6 30. Rh1 Qe8 31. Bxg6 Qxg6 32. Qa4 Qe8 33. Qxa6 Qd7 34. Rb1 Rb8
35. Rb5 Rxb5 36. cxb5 Nb8 37. Qa4 Qd6 38. Ba5 Nd7 39. Qc4 Nf6 40. e5 Qd5+ 41.
Qxd5 Nxd5 42. Kf3 Kf7 43. Nd1 h5 44. Nb2 Ke7 45. Nc4 Kd7 46. Kg2 Nc3 47. b6 Kc6
48. Kh3 Nd5 49. Kh4 Bb4 50. Bxb4 Nxb4 51. Kxh5 Nxd3 52. Kg5 Nc5 53. g4 fxg4 54.
Kxg4 Kd5 55. Nd6 Kc6 56. f5 exf5+ 57. Kxf5 Kxb6 1/2-1/2

[Event "SR 3. liga A2 2011/2012"]
[Site "?"]
[Date "2012.01.22"]
[Round "7.1"]
[White "Mosny, Jaroslav"]
[Black "Peska, Juraj"]
[Result "1/2-1/2"]
[WhiteElo "1941"]
[BlackElo "1925"]
[PlyCount "37"]
[EventDate "2011.??.??"]

1. d4 Nf6 2. Nf3 e6 3. e3 Be7 4. Bd3 b6 5. O-O Bb7 6. Nbd2 O-O 7. b3 d5 8. Bb2
Nbd7 9. Ne5 c5 10. f4 Rc8 11. Qe2 Ne4 12. Ndf3 f5 13. Nxd7 Qxd7 14. Ne5 Qd6 15.
Rf3 Bf6 16. Rh3 Bxe5 17. fxe5 Qe7 18. g4 Qf7 19. Rf3 1/2-1/2

[Event "SR 3. liga A2 2011/2012"]
[Site "?"]
[Date "2012.01.22"]
[Round "7.1"]
[White "Majtan, Martin"]
[Black "Hagara, Vladimir"]
[Result "0-1"]
[WhiteElo "1857"]
[BlackElo "1927"]
[PlyCount "88"]
[EventDate "2011.??.??"]

1. e4 c5 2. Nc3 Nc6 3. g3 g6 4. Bg2 Bg7 5. d3 d6 6. Bd2 e6 7. f4 Nge7 8. Nf3 a6
9. Qe2 O-O 10. Be3 Nd4 11. Qd2 Nec6 12. O-O Qc7 13. Nh4 Bd7 14. f5 exf5 15.
exf5 Nxf5 16. Nxf5 Bxf5 17. Bh6 Be6 18. Ne4 f5 19. Bxg7 Kxg7 20. Ng5 Bf7 21. g4
Nd4 22. c3 Ne6 23. gxf5 Nxg5 24. f6+ Kg8 25. Qxg5 Be6 26. Rae1 Rae8 27. Rf2 Kh8
28. Rfe2 Qf7 29. Bd5 Bxd5 30. Rxe8 Rxe8 31. Rxe8+ Qxe8 32. Qxd5 Qe1+ 33. Kg2
Qe2+ 34. Kg3 Qe3+ 35. Qf3 Qe1+ 36. Qf2 Qxf2+ 37. Kxf2 Kg8 38. Kf3 Kf7 39. Ke4
Kxf6 40. Kd5 Ke7 41. b3 g5 42. a3 h5 43. a4 h4 44. Ke4 Ke6 0-1

[Event "SR 3. liga A2 2011/2012"]
[Site "?"]
[Date "2012.01.22"]
[Round "7.1"]
[White "Kolenak, Matus"]
[Black "Gajarsky, Roman"]
[Result "1-0"]
[WhiteElo "1848"]
[BlackElo "1915"]
[PlyCount "111"]
[EventDate "2011.??.??"]

1. e4 e5 2. Nf3 Nc6 3. Bb5 a6 4. Ba4 b5 5. Bb3 d6 6. c3 Na5 7. Bc2 Bg4 8. O-O
Qf6 9. a4 Bxf3 10. Qxf3 Qxf3 11. gxf3 bxa4 12. Bxa4+ Kd8 13. b4 Nc4 14. Bb5 Nb6
15. Rxa6 Rxa6 16. Bxa6 Ne7 17. d3 f5 18. f4 fxe4 19. fxe5 exd3 20. exd6 cxd6
21. Bxd3 h6 22. c4 Nc6 23. Be3 Kc7 24. Nc3 Nxb4 25. Nb5+ Kc6 26. Be2 d5 27.
Nd4+ Kb7 28. cxd5 N6xd5 29. Bf3 Kc7 30. Nb5+ Kd7 31. Rd1 Ke6 32. Bd4 Nf4 33.
Bg4+ Kf7 34. Ra1 Be7 35. Be5 Nbd5 36. Ra4 Ne6 37. Bh5+ Kf8 38. Ra8+ Nd8 39. Nd4
Nb6 40. Ra7 Nd5 41. Bg6 h5 42. Nf5 Bf6 43. Bd6+ Kg8 44. Ra2 Rh6 45. Nxh6+ gxh6
46. Bxh5 Ne6 47. Ra8+ Kg7 48. Ra7+ Kh8 49. Bf7 Nef4 50. Bf8 h5 51. Ra5 Nc3 52.
Rf5 Nce2+ 53. Kf1 Bg7 54. Bxg7+ Kxg7 55. Bxh5 Nxh5 56. Kxe2 1-0

[Event "SR 3. liga A2 2011/2012"]
[Site "?"]
[Date "2012.01.22"]
[Round "7.1"]
[White "Niznansky, Lukas"]
[Black "Puskar, Peter"]
[Result "0-1"]
[WhiteElo "1740"]
[BlackElo "1844"]
[PlyCount "74"]
[EventDate "2011.??.??"]

1. e4 c5 2. Nf3 d6 3. d4 cxd4 4. Nxd4 Nf6 5. Nc3 a6 6. Be2 e5 7. Nf3 h6 8. O-O
Be6 9. Be3 Nbd7 10. b4 Rc8 11. Bd2 Be7 12. Bd3 O-O 13. Rc1 d5 14. a3 b5 15. Re1
d4 16. Ne2 Bc4 17. Ng3 Ne8 18. Qe2 Nd6 19. c3 dxc3 20. Bxc3 Bf6 21. Red1 Qe7
22. Qd2 Nb6 23. Nh5 Bg5 24. Nxg5 hxg5 25. Ng3 f6 26. Qe3 Qc7 27. f3 Rfd8 28.
Ne2 Rd7 29. Rd2 Rcd8 30. Rcd1 Bxd3 31. Qxd3 Ndc4 32. Qc2 Nxd2 33. Rxd2 Rxd2 34.
Qb3+ Nc4 35. Bxd2 Rxd2 36. Nc3 Qb6+ 37. Kh1 Qf2 0-1

[Event "SR 3. liga A2 2011/2012"]
[Site "?"]
[Date "2012.01.22"]
[Round "7.1"]
[White "Babirat, Michal"]
[Black "Barca, Michal"]
[Result "0-1"]
[WhiteElo "1762"]
[BlackElo "1835"]
[PlyCount "80"]
[EventDate "2011.??.??"]

1. c4 Nf6 2. Nc3 g6 3. g3 c5 4. Bg2 Nc6 5. e3 e6 6. Nge2 Bg7 7. O-O d5 8. cxd5
Nxd5 9. Nxd5 exd5 10. Qc2 c4 11. d4 O-O 12. Nf4 Be6 13. Bd2 b5 14. a3 a5 15. b3
Qd7 16. Rfb1 Bf5 17. Qd1 Bxb1 18. Rxb1 Ne7 19. bxc4 bxc4 20. a4 Rfc8 21. Rb5 c3
22. Bc1 c2 23. Qd3 Qg4 24. Ne2 Nc6 25. h3 Qe6 26. Nf4 Qe8 27. Nxd5 Ra7 28. Nb6
Nb4 29. Qb3 Rb8 30. Nd5 Rxb5 31. axb5 Qxb5 32. Nxb4 Qxb4 33. Qxc2 Qb8 34. Bd5
Rc7 35. Qb2 Qc8 36. Bd2 Rc2 37. Qb3 Rxd2 38. Bxf7+ Kh8 39. Be6 Qc1+ 40. Kg2 Qb2
0-1

[Event "SR 3. liga A2 2011/2012"]
[Site "?"]
[Date "2012.01.22"]
[Round "7.2"]
[White "Mihalik, Anton"]
[Black "Jozefek, Michal"]
[Result "0-1"]
[WhiteElo "1965"]
[BlackElo "1910"]
[PlyCount "106"]
[EventDate "2011.??.??"]

1. c4 c5 2. Nc3 Nc6 3. Nf3 g6 4. d4 cxd4 5. Nxd4 Bg7 6. e3 Nf6 7. Be2 O-O 8.
O-O d6 9. Bf3 Ne5 10. Be2 a6 11. b3 Bd7 12. Bb2 Rb8 13. Qc2 Qa5 14. Rfd1 Rfc8
15. Qd2 Qc5 16. Rac1 h5 17. Nf3 Nfg4 18. Nd5 Re8 19. Ng5 Bf5 20. Bd4 Qc8 21.
Qc3 e6 22. Nb6 Qd8 23. f4 Nc6 24. Bxg7 Qxb6 25. Bxg4 Bxg4 26. Rxd6 Qc7 27. Ne4
e5 28. Bh6 Kh7 29. Bg5 Re6 30. Nf6+ Kg7 31. Rd7 Qc8 32. fxe5 Nxe5 33. Rd5 Qc7
34. Nxg4 hxg4 35. Bf4 f6 36. Rcd1 Re7 37. Kf2 Rbe8 38. c5 Qc8 39. b4 Qf5 40.
Kg1 Qe4 41. Rd6 g5 42. Bxe5 Rxe5 43. Rf1 R8e6 44. Rd4 Qc6 45. Rxg4 Rxe3 46. Qd4
R3e5 47. Rg3 Re4 48. Qc3 Kg6 49. Rgf3 b6 50. a3 bxc5 51. bxc5 R4e5 52. Qc2+ Kg7
53. Rc3 Re2 0-1

[Event "SR 3. liga A2 2011/2012"]
[Site "?"]
[Date "2012.01.22"]
[Round "7.2"]
[White "Diviak, Rastislav"]
[Black "Manak, Adrian"]
[Result "0-1"]
[WhiteElo "2020"]
[BlackElo "1931"]
[PlyCount "76"]
[EventDate "2011.??.??"]

1. e4 g6 2. d4 Bg7 3. Nc3 c6 4. Nf3 d5 5. e5 h5 6. Bf4 a5 7. Qd2 Nh6 8. Bd3 Nf5
9. h3 b5 10. O-O-O e6 11. g4 Ne7 12. Bg5 Nd7 13. Qf4 Ba6 14. Bf6 Bxf6 15. exf6
Nc8 16. g5 b4 17. Na4 Bxd3 18. Rxd3 Ncb6 19. Nxb6 Nxb6 20. Ne5 Rc8 21. Re1 O-O
22. Rde3 Qc7 23. Qf3 c5 24. dxc5 Qxc5 25. R3e2 a4 26. Qd3 Kh7 27. Nxg6 fxg6 28.
Rxe6 Rf7 29. f4 Qc4 30. Qd2 Qxa2 31. Qxb4 Nc4 32. c3 a3 33. bxa3 Qd2+ 34. Kb1
Qd3+ 35. Ka1 Nxa3 36. Qxa3 Rxc3 37. Qe7 Ra3+ 38. Kb2 Qc3+ 0-1

[Event "SR 3. liga A2 2011/2012"]
[Site "?"]
[Date "2012.01.22"]
[Round "7.2"]
[White "Bincik, Pavol"]
[Black "Pericka, Tomas"]
[Result "1-0"]
[WhiteElo "1916"]
[BlackElo "2008"]
[PlyCount "137"]
[EventDate "2011.??.??"]

1. d4 Nf6 2. c4 e6 3. Nc3 Bb4 4. Bd2 O-O 5. a3 Be7 6. e4 d5 7. e5 Ne4 8. Nxe4
dxe4 9. Be3 Nd7 10. c5 b6 11. b4 Bb7 12. Bc4 a5 13. Ne2 Bg5 14. O-O Bxe3 15.
fxe3 Qg5 16. Nf4 axb4 17. axb4 Rxa1 18. Qxa1 Ra8 19. Qc3 Qd8 20. Ra1 Nf8 21.
Ra3 Ng6 22. Nxg6 hxg6 23. Qa1 Rxa3 24. Qxa3 Bd5 25. Be2 bxc5 26. dxc5 Qg5 27.
Qc3 f5 28. exf6 gxf6 29. c6 f5 30. g3 f4 31. exf4 Qf5 32. b5 e3 33. Qd3 Qf6 34.
Qxe3 Qa1+ 35. Kf2 Qh1 36. h4 Qg2+ 37. Ke1 Qh1+ 38. Kf2 Qg2+ 39. Ke1 Qh1+ 40.
Kd2 Qa1 41. Qc3 Qa2+ 42. Ke3 Qa7+ 43. Kd3 Qa4 44. Kd2 Qa2+ 45. Ke3 Qa7+ 46. Qd4
Qa3+ 47. Kf2 Qc1 48. Qa7 Qh1 49. Qb8+ Kg7 50. Qxc7+ Kh6 51. Qe5 Qg2+ 52. Ke1
Qxg3+ 53. Kd2 Kh7 54. h5 Qb3 55. hxg6+ Kxg6 56. c7 Qb4+ 57. Qc3 Qxf4+ 58. Kc2
Qa4+ 59. Kc1 Qf4+ 60. Kb2 Bb7 61. Bd3+ Kf7 62. c8=Q Bxc8 63. Qxc8 Qb4+ 64. Kc2
Qa4+ 65. Kc1 Qf4+ 66. Kd1 Qf3+ 67. Kc2 Qg2+ 68. Kb3 Qd5+ 69. Qc4 1-0

[Event "SR 3. liga A2 2011/2012"]
[Site "?"]
[Date "2012.01.22"]
[Round "7.2"]
[White "Diviak, Rudolf"]
[Black "Nemsak, Denis"]
[Result "1/2-1/2"]
[WhiteElo "1865"]
[BlackElo "1916"]
[PlyCount "99"]
[EventDate "2011.??.??"]

1. b4 d5 2. Bb2 a5 3. b5 c5 4. a4 Bf5 5. e3 Nf6 6. Nf3 e6 7. c4 Nbd7 8. d3 Nb6
9. Nbd2 Be7 10. Ne5 h6 11. Be2 O-O 12. g4 Bh7 13. h4 dxc4 14. Ndxc4 Nxc4 15.
dxc4 Ne4 16. Bf3 Bxh4 17. Bxe4 Bxe4 18. Qxd8 Bxd8 19. f3 Bh7 20. Nd7 Re8 21.
Nxc5 Bb6 22. Nxb7 Bxe3 23. c5 f5 24. Ke2 Bf4 25. Bc3 fxg4 26. fxg4 Rec8 27. c6
Be4 28. Rh3 Bxc6 29. bxc6 Rxc6 30. Nxa5 Rxc3 31. Rxc3 Be5 32. Kd3 Bxc3 33. Kxc3
Rxa5 34. Kb4 Ra8 35. a5 Kf7 36. a6 Kf6 37. Ra5 g6 38. a7 e5 39. Kc4 h5 40. gxh5
gxh5 41. Kd3 Kf5 42. Ke3 Kg4 43. Ra4+ Kg3 44. Ra6 h4 45. Rg6+ Kh2 46. Rg7 h3
47. Kf2 Rf8+ 48. Ke3 Ra8 49. Kf2 Rc8 50. Ke3 1/2-1/2

[Event "SR 3. liga A2 2011/2012"]
[Site "?"]
[Date "2012.01.22"]
[Round "7.2"]
[White "Strapko, Tomas"]
[Black "Hanzluvka, Peter"]
[Result "1/2-1/2"]
[WhiteElo "1932"]
[BlackElo "1987"]
[PlyCount "60"]
[EventDate "2011.??.??"]

1. d4 Nf6 2. c4 e6 3. Nc3 Bb4 4. Nf3 b6 5. Bg5 h6 6. Bxf6 Qxf6 7. a3 Bxc3+ 8.
bxc3 Bb7 9. Qd3 d6 10. e4 Nd7 11. g3 Qg6 12. Nd2 O-O 13. Bg2 d5 14. cxd5 exd5
15. O-O Nf6 16. Rae1 a5 17. f4 dxe4 18. Nxe4 Nxe4 19. Bxe4 Bxe4 20. Qxe4 Qxe4
21. Rxe4 Rfe8 22. Rfe1 Kf8 23. Kf2 Rxe4 24. Rxe4 Re8 25. Kf3 Rxe4 26. Kxe4 Ke7
27. a4 Kd6 28. c4 c6 29. Kd3 f5 30. Kc3 h5 1/2-1/2

[Event "SR 3. liga A2 2011/2012"]
[Site "?"]
[Date "2012.01.22"]
[Round "7.2"]
[White "Skapik, Branislav"]
[Black "Slaby, Jozef"]
[Result "1/2-1/2"]
[WhiteElo "1848"]
[BlackElo "1856"]
[PlyCount "91"]
[EventDate "2011.??.??"]

1. e4 e6 2. d4 d5 3. exd5 exd5 4. Nf3 Bg4 5. Be2 Nd7 6. h3 Bh5 7. Ne5 Bg6 8.
Nxg6 hxg6 9. Bf4 Ngf6 10. Nd2 c6 11. c3 Nb6 12. Qc2 Bd6 13. Bg5 Qc7 14. O-O-O
O-O-O 15. Kb1 Rde8 16. Rde1 Bf4 17. Bxf4 Qxf4 18. Nf3 Ne4 19. Ne5 Re7 20. Nd3
Qd6 21. Bg4+ f5 22. Bf3 Nd7 23. Bxe4 dxe4 24. Nc1 Nb6 25. Nb3 Rhe8 26. c4 Qb4
27. Rc1 e3 28. a3 Qa4 29. Nc5 Qxc2+ 30. Rxc2 exf2 31. Rxf2 Nxc4 32. Rc1 Nb6 33.
Nd3 Re2 34. Rc2 Rxc2 35. Rxc2 Re4 36. Ne5 Rxd4 37. Nxg6 Re4 38. Rf2 Re6 39. Nf4
Rf6 40. Nh5 Rf7 41. g4 g6 42. Ng3 f4 43. Ne4 Kd7 44. Ng5 Rf8 45. Nh7 Rf7 46.
Ng5 1/2-1/2

[Event "SR 3. liga A2 2011/2012"]
[Site "?"]
[Date "2012.01.22"]
[Round "7.2"]
[White "Curidlo, Jan"]
[Black "Nemeckay, Rastislav"]
[Result "0-1"]
[WhiteElo "1851"]
[BlackElo "1808"]
[PlyCount "130"]
[EventDate "2011.??.??"]

1. e4 e5 2. Nf3 Nc6 3. Bb5 a6 4. Ba4 Nf6 5. O-O b5 6. Bb3 Be7 7. d3 d6 8. h3
Na5 9. c3 Nxb3 10. Qxb3 Be6 11. Qc2 c5 12. Be3 Qc7 13. Nbd2 O-O 14. a4 Bd7 15.
axb5 axb5 16. Rfc1 Rfc8 17. Qd1 Bc6 18. Nf1 d5 19. exd5 Nxd5 20. d4 Rxa1 21.
Rxa1 Nxe3 22. fxe3 exd4 23. exd4 Rd8 24. Qe2 Bxf3 25. gxf3 cxd4 26. cxd4 Bf6
27. Kg2 Bxd4 28. Re1 Qc6 29. Ng3 g6 30. b3 Rc8 31. Rd1 Bf6 32. Ne4 Bh4 33. Rd2
b4 34. Qd1 f5 35. Nd6 Rd8 36. Nc4 Rxd2+ 37. Qxd2 Qc5 38. Qe2 Kg7 39. Qd2 Qe7
40. Qd3 Qe1 41. Qd4+ Kh6 42. Qe3+ Qxe3 43. Nxe3 Be7 44. Nd5 Bf8 45. f4 g5 46.
Kf3 Bd6 47. fxg5+ Kxg5 48. Ne3 h6 49. Nd5 Kg6 50. Ke3 Kf7 51. Kd4 Ke6 52. Ne3
Bf4 53. Nc4 Bg3 54. Nd2 Bf2+ 55. Kd3 Kd5 56. Nf3 Bc5 57. Nd2 Ke5 58. Nf3+ Kf4
59. Ke2 Kg3 60. h4 h5 61. Ne5 Kxh4 62. Kf3 Bd6 63. Nf7 Bc7 64. Nh6 Kg5 65. Ng8
Bd8 0-1

[Event "SR 3. liga A2 2011/2012"]
[Site "?"]
[Date "2012.01.22"]
[Round "7.2"]
[White "Pericka, Pavol"]
[Black "Sedlak, Rastislav"]
[Result "1-0"]
[WhiteElo "1743"]
[BlackElo "1610"]
[PlyCount "73"]
[EventDate "2011.??.??"]

1. e4 e5 2. Bc4 Nc6 3. Nf3 Nf6 4. Ng5 d5 5. exd5 Na5 6. d3 h6 7. Nf3 e4 8. Qe2
Bg4 9. dxe4 Bxf3 10. gxf3 Nxc4 11. Qxc4 Bd6 12. Be3 Nd7 13. Nd2 Qf6 14. Bd4 Ne5
15. Qc3 O-O 16. O-O-O Rfc8 17. Rhg1 Kh7 18. f4 Qxf4 19. Be3 Qf6 20. f4 c6 21.
fxe5 Bxe5 22. Qb3 cxd5 23. exd5 Bxh2 24. Rgf1 Qg6 25. Nf3 Bd6 26. Rg1 Qe4 27.
Bd4 Bf4+ 28. Kb1 g5 29. Rde1 Qf5 30. Nh4 Qd7 31. Qd3+ Kg8 32. Nf5 Kf8 33. Bg7+
Kg8 34. Bf6 Re8 35. Nxh6+ Kf8 36. Qh7 Rxe1+ 37. Rxe1 1-0

[Event "SR 3. liga A2 2011/2012"]
[Site "?"]
[Date "2012.01.22"]
[Round "7.3"]
[White "Merva, Frantisek"]
[Black "Kovacocy, Pavel"]
[Result "0-1"]
[WhiteElo "2047"]
[BlackElo "2231"]
[PlyCount "120"]
[EventDate "2011.??.??"]

1. e4 {0} c5 2. Nf3 Nc6 3. d4 cxd4 4. Nxd4 g6 5. c4 Nf6 6. Nc3 d6 7. Be2 Nxd4
8. Qxd4 Bg7 9. O-O O-O 10. Qd3 Be6 11. Bg5 Re8 12. b3 Qa5 13. Bd2 Nd7 14. Nb5
Qd8 15. Bc3 Nc5 16. Qe3 Bxc3 17. Nxc3 a5 18. Qh6 Qb6 19. Rab1 Rec8 20. Kh1 Qd8
21. a4 Qf8 22. Qe3 Qg7 23. h3 Kh8 24. Bg4 f5 25. exf5 gxf5 26. Bf3 f4 27. Qd2
Bf5 28. Rb2 Nd3 29. Bxb7 e5 30. Bxa8 Rxa8 31. f3 Rg8 32. Ne4 Nxb2 33. Qxb2 Qh6
34. Nf2 Qg6 35. Ng4 h5 36. Nh2 Kh7 37. Rc1 e4 38. Qf2 e3 39. Qb2 Bd3 40. c5 e2
41. g4 Qe6 42. Qd2 Ba6 43. cxd6 Rd8 44. Qxa5 Rxd6 45. Qxh5+ Kg8 46. Qg5+ Kf8
47. Qxf4+ Ke8 48. Re1 Rd1 49. Qg3 Rxe1+ 50. Qxe1 Qxb3 51. Kg2 Qxa4 52. h4 Qd1
53. Kf2 Qd4+ 54. Kg2 Kf7 55. g5 Qd1 56. Kf2 Kg6 57. Ng4 Kh5 58. Ne3 Qd4 59. Qh1
e1=Q+ 60. Kxe1 Qxe3+ 0-1

[Event "SR 3. liga A2 2011/2012"]
[Site "?"]
[Date "2012.01.22"]
[Round "7.3"]
[White "Liptak, Tomas"]
[Black "Ivan, Imrich"]
[Result "1-0"]
[WhiteElo "2103"]
[BlackElo "2057"]
[PlyCount "80"]
[EventDate "2011.??.??"]

1. e4 {0} e6 2. d3 d5 3. Nd2 c5 4. f4 Nc6 5. g3 dxe4 6. Nxe4 Nf6 7. Bg2 Be7 8.
Be3 Nxe4 9. Bxe4 O-O 10. Ne2 Qd6 11. O-O Nd4 12. c3 Nxe2+ 13. Qxe2 Rb8 14. f5
e5 15. g4 f6 16. d4 b6 17. dxe5 fxe5 18. Rad1 Qc7 19. g5 Bb7 20. Bxb7 Qxb7 21.
Qg4 Qc8 22. Rd5 c4 23. Rxe5 Bd6 24. Re6 Bc5 25. Qe4 Rb7 26. Bxc5 Qxc5+ 27. Kg2
Rbf7 28. Re5 Qc8 29. Kg3 Qb8 30. Rf4 Qd6 31. Qd5 Qb8 32. Qe4 b5 33. Kg4 a6 34.
Re6 Qc8 35. Kg3 Qc5 36. Re5 Qg1+ 37. Qg2 Qb1 38. a3 Qd3+ 39. Qf3 Qb1 40. Qf2
Qd3+ 1-0

[Event "SR 3. liga A2 2011/2012"]
[Site "?"]
[Date "2012.01.22"]
[Round "7.3"]
[White "Takacs, Laszlo"]
[Black "Machalova, Erika"]
[Result "1-0"]
[WhiteElo "1976"]
[BlackElo "2102"]
[PlyCount "133"]
[EventDate "2011.??.??"]

1. e4 {0} c5 2. Nf3 d6 3. d4 cxd4 4. Nxd4 Nf6 5. Nc3 a6 6. Be2 e5 7. Nb3 Be7 8.
O-O Be6 9. f4 Qc7 10. f5 Bc4 11. Be3 Nbd7 12. g4 Nb6 13. Kh1 Nfd7 14. Bxc4 Nxc4
15. Nd5 Qc6 16. Bc1 Nf6 17. Nxf6+ gxf6 18. Qf3 O-O-O 19. Nd2 Nxd2 20. Bxd2 d5
21. exd5 Qxd5 22. Qxd5 Rxd5 23. Bh6 Bf8 24. Bxf8 Rxf8 25. Rad1 Rfd8 26. Rxd5
Rxd5 27. Rf2 Rd4 28. h3 h5 29. c3 Re4 30. Rg2 hxg4 31. hxg4 Re3 32. Kg1 Rf3 33.
Rf2 Rd3 34. Re2 Kc7 35. Kf2 Kd6 36. Re3 Rd2+ 37. Re2 Rd1 38. Ke3 Kd5 39. b3 Rg1
40. Rd2+ Kc6 41. Kf3 Rc1 42. c4 Rg1 43. Rd8 Rh1 44. Rf8 Rh7 45. Ke4 Kd6 46. b4
Rg7 47. Kf3 Rh7 48. a4 Kc6 49. c5 a5 50. bxa5 Kxc5 51. Rg8 Kc6 52. Ra8 Rh3+ 53.
Kg2 Ra3 54. Rf8 Rxa4 55. Kg3 Rd4 56. Rxf7 Rd6 57. Kh4 Kb5 58. Rxb7+ Kxa5 59. g5
fxg5+ 60. Kxg5 Ka6 61. Rb1 Rd2 62. f6 Rg2+ 63. Kf5 Rf2+ 64. Ke6 e4 65. f7 e3
66. Ke7 e2 67. f8=Q 1-0

[Event "SR 3. liga A2 2011/2012"]
[Site "?"]
[Date "2012.01.22"]
[Round "7.3"]
[White "Liptak, Dusan"]
[Black "Feher, Tibor"]
[Result "1/2-1/2"]
[WhiteElo "2075"]
[BlackElo "1802"]
[PlyCount "103"]
[EventDate "2011.??.??"]

1. g3 {0} d5 {0} 2. Bg2 Nf6 3. Nf3 e6 4. O-O Be7 5. b3 O-O 6. Bb2 c5 7. c4 Nc6
8. cxd5 Nxd5 9. Nc3 Nxc3 10. Bxc3 Bf6 11. Bxf6 Qxf6 12. Rc1 Qe7 13. d3 Rb8 14.
Nd2 Nd8 15. Qc2 b6 16. Rfd1 Bb7 17. Ne4 Nc6 18. Qb2 Rfd8 19. h4 Nd4 20. Ng5 Qf6
21. Qd2 Bxg2 22. Kxg2 h6 23. Ne4 Qe5 24. e3 Nf5 25. Qc3 Qxc3 26. Nxc3 Kf8 27.
Kf3 Nd6 28. Ne4 Nxe4 29. Kxe4 Ke7 30. g4 Rd5 31. Kf3 Rbd8 32. Ke2 f6 33. Rd2
R5d7 34. Rg1 Kf7 35. Rdd1 e5 36. f3 Rd6 37. g5 hxg5 38. hxg5 f5 39. Rh1 R6d7
40. Rh2 e4 41. fxe4 fxe4 42. d4 cxd4 43. exd4 Rxd4 44. Rxd4 Rxd4 45. Ke3 Rd5
46. Rc2 Re5 47. Rc7+ Re7 48. Rxe7+ Kxe7 49. Kxe4 Ke6 50. Kf4 a6 51. a3 a5 52.
a4 1/2-1/2

[Event "SR 3. liga A2 2011/2012"]
[Site "?"]
[Date "2012.01.22"]
[Round "7.3"]
[White "Szabo, Julius"]
[Black "Cechovic, Stefan"]
[Result "0-1"]
[WhiteElo "1721"]
[BlackElo "2159"]
[PlyCount "42"]
[EventDate "2011.??.??"]

1. e4 {0} c6 2. d4 d6 3. Be3 Nf6 4. Nc3 Qc7 5. Bd3 e5 6. Nge2 Nbd7 7. h3 Be7 8.
Qd2 O-O 9. f4 exd4 10. Nxd4 Nc5 11. Be2 Nfxe4 12. Nxe4 Nxe4 13. Qd3 Bh4+ 14.
Kd1 d5 15. Bf3 Re8 16. c4 dxc4 17. Qxc4 Nf2+ 18. Bxf2 Bxf2 19. Kc2 Qxf4 20.
Rad1 Bf5+ 21. Kc3 Re3+ 0-1

[Event "SR 3. liga A2 2011/2012"]
[Site "?"]
[Date "2012.01.22"]
[Round "7.3"]
[White "Sarmir, Milos"]
[Black "Kahancova, Jana"]
[Result "1/2-1/2"]
[WhiteElo "2048"]
[BlackElo "1670"]
[PlyCount "102"]
[EventDate "2011.??.??"]

1. e4 {0} e5 2. Nf3 Nc6 3. Bb5 a6 4. Bxc6 dxc6 5. O-O Bg4 6. h3 Bxf3 7. Qxf3
Nf6 8. d3 Qd6 9. Nd2 Qe6 10. Nc4 b5 11. Ne3 g6 12. b3 Bg7 13. Ba3 Nd7 14. Rad1
a5 15. Bb2 O-O 16. Rfe1 Rfe8 17. c4 b4 18. Nc2 c5 19. Ne3 c6 20. Nc2 Red8 21.
Kh2 Ra7 22. Bc1 a4 23. Be3 axb3 24. axb3 Rda8 25. Ra1 Qd6 26. Qe2 Rxa1 27. Rxa1
Rxa1 28. Nxa1 Qc7 29. Qb2 Qa5 30. Nc2 Nf8 31. Qa1 Qxa1 32. Nxa1 Ne6 33. Nc2 Kf8
34. g3 f6 35. Kg2 Kf7 36. Kf3 Bf8 37. Ke2 Nd4+ 38. Nxd4 cxd4 39. Bd2 c5 40. f4
Ke6 41. Kf3 Bd6 42. Kg4 h5+ 43. Kh4 Kf7 44. f5 Kg7 45. g4 hxg4 46. Kxg4 g5 47.
Kh5 Be7 48. Be1 Kh7 49. Bg3 Kg7 50. Kg4 Kh7 51. Be1 Kg7 1/2-1/2

[Event "SR 3. liga A2 2011/2012"]
[Site "?"]
[Date "2012.01.22"]
[Round "7.3"]
[White "Hornak, Pavol"]
[Black "Csoltko, Fridrich"]
[Result "1-0"]
[WhiteElo "1778"]
[BlackElo "1315"]
[PlyCount "147"]
[EventDate "2011.??.??"]

1. d4 {0} d5 2. c4 e6 3. Nf3 Nf6 4. g3 Be7 5. Bg2 O-O 6. Qc2 Nc6 7. O-O b6 8.
cxd5 Nb4 9. Qd1 exd5 10. a3 Nc6 11. Nc3 Bf5 12. Qb3 Na5 13. Qd1 Nc4 14. Nd2
Nxd2 15. Bxd2 Ne4 16. Bf4 c6 17. Rc1 Rc8 18. Qa4 Qd7 19. Nxe4 dxe4 20. Rfd1 b5
21. Qb3 Be6 22. Qe3 Bd5 23. Bxe4 Bxe4 24. Qxe4 Rfe8 25. Qd3 Qd5 26. e4 Qh5 27.
Kg2 Red8 28. Qe3 Ra8 29. Rd2 Rac8 30. Qb3 Bg5 31. Qf3 Qh6 32. h4 Bxf4 33. Qxf4
Rd6 34. Qxh6 Rxh6 35. d5 c5 36. Rdc2 c4 37. b3 Ra6 38. bxc4 Rxc4 39. Rxc4 bxc4
40. Rxc4 f6 41. a4 h5 42. Kf3 Kf7 43. Kf4 g6 44. f3 Kg7 45. g4 hxg4 46. fxg4
Kf7 47. g5 fxg5+ 48. hxg5 Ke7 49. Ke5 Kd7 50. Rc6 Rxa4 51. Rxg6 a5 52. Rg7+ Kd8
53. d6 Rb4 54. g6 a4 55. Ra7 Rb5+ 56. Ke6 Kc8 57. d7+ Kb8 58. Rxa4 Rb6+ 59. Ke7
Rb7 60. Ke8 Rc7 61. Rb4+ Ka7 62. Ra4+ Kb7 63. d8=Q Rc8 64. Qxc8+ Kxc8 65. g7
Kb8 66. g8=Q Kb7 67. Qb3+ Kc6 68. Rc4+ Kd6 69. e5+ Kxe5 70. Qb5+ Kf6 71. Rc6+
Kg7 72. Qb7+ Kg8 73. Rg6+ Kh8 74. Qg7# 1-0